| 000 | 00598nam a22001817a 4500 | ||
|---|---|---|---|
| 003 | CEME | ||
| 005 | 20210628201641.0 | ||
| 008 | 210212b xxu||||| |||| 00| 0 eng d | ||
| 020 | _a0-471-13287-X | ||
| 040 | _c. | ||
| 082 | _a658.314 SCH | ||
| 100 |
_aCarpenter, Jill Schuster, John.P _956173 |
||
| 245 | _aThe power of open-book management the power of open-book management | ||
| 260 |
_aNEW YORK _bJOHN WILEY _c1996 |
||
| 300 | _aXXIX,277P | ||
| 650 |
_aORGANIZATIONAL EFFECTIVENESS ORGANIZATIONAL LEARNING MANAGEMENT-EMPLOYEE PARTICIPATION INCENTIVES IN INDUSTRY _956174 |
||
| 942 |
_cBK _2ddc |
||
| 999 |
_c566681 _d566681 |
||